<?xml version="1.0" encoding="UTF-8"?><?xml-stylesheet type="text/xsl" href="static/style.xsl"?><OAI-PMH xmlns="http://www.openarchives.org/OAI/2.0/" xmlns:xsi="http://www.w3.org/2001/XMLSchema-instance" xsi:schemaLocation="http://www.openarchives.org/OAI/2.0/ http://www.openarchives.org/OAI/2.0/OAI-PMH.xsd"><responseDate>2026-04-17T03:39:59Z</responseDate><request verb="GetRecord" identifier="oai:www.recercat.cat:10459.1/59453" metadataPrefix="marc">https://recercat.cat/oai/request</request><GetRecord><record><header><identifier>oai:recercat.cat:10459.1/59453</identifier><datestamp>2024-12-05T22:33:57Z</datestamp><setSpec>com_2072_3622</setSpec><setSpec>col_2072_479130</setSpec></header><metadata><record xmlns="http://www.loc.gov/MARC21/slim" xmlns:dcterms="http://purl.org/dc/terms/" xmlns:xsi="http://www.w3.org/2001/XMLSchema-instance" xmlns:doc="http://www.lyncode.com/xoai" xsi:schemaLocation="http://www.loc.gov/MARC21/slim http://www.loc.gov/standards/marcxml/schema/MARC21slim.xsd">
   <leader>00925njm 22002777a 4500</leader>
   <datafield ind2=" " ind1=" " tag="042">
      <subfield code="a">dc</subfield>
   </datafield>
   <datafield ind2=" " ind1=" " tag="720">
      <subfield code="a">Valdivia Nájar, Carlos Guillermo</subfield>
      <subfield code="e">author</subfield>
   </datafield>
   <datafield ind2=" " ind1=" " tag="720">
      <subfield code="a">Martín Belloso, Olga</subfield>
      <subfield code="e">author</subfield>
   </datafield>
   <datafield ind2=" " ind1=" " tag="720">
      <subfield code="a">Giner, Joaquim</subfield>
      <subfield code="e">author</subfield>
   </datafield>
   <datafield ind2=" " ind1=" " tag="720">
      <subfield code="a">Soliva-Fortuny, Robert</subfield>
      <subfield code="e">author</subfield>
   </datafield>
   <datafield ind2=" " ind1=" " tag="260">
      <subfield code="c">2017-04-05T08:23:32Z</subfield>
   </datafield>
   <datafield ind2=" " ind1=" " tag="260">
      <subfield code="c">2017-10-17T22:40:28Z</subfield>
   </datafield>
   <datafield ind2=" " ind1=" " tag="260">
      <subfield code="c">2017-02</subfield>
   </datafield>
   <datafield ind2=" " ind1=" " tag="260">
      <subfield code="c">2017-04-05T08:23:33Z</subfield>
   </datafield>
   <datafield ind2=" " ind1=" " tag="520">
      <subfield code="a">The effectiveness of pulsed light (PL) treatments to inhibit microorganisms on fresh-cut tomatoes (Lycopersicon&#xd;
esculentum Mill., cv. Daniela) was investigated. Tomato slices inoculated with Escherichia coli or Listeria innocua were exposed to PL treatments (4, 6, or 8 J cm−2 fluence) and kept cold at 4 °C for 20 days. L. innocua and E. coli counts, gases in the headspace of the containers (O2 and CO2), pH, titratable acidity, and soluble solid content were monitored throughout&#xd;
the cold storage. The PL treatments reduced significantly (p &lt; 0.05) initial loads of both microbes. The effect of the PL fluence on the survival number of microoganisms was&#xd;
described by a log-linear model (R2 = 0.849–0.999). At any fixed time within the cold storing, the microbial counts for&#xd;
untreated samples were always higher than those cut tomatoes that had been previously PL-treated. The behavior of L. innocua and E. coli during the storage were well adjusted&#xd;
(R2 > 0.930) by Gompertzian models; the studied microorganisms exhibited different patterns during the storage period. On&#xd;
the other hand, O2 and CO2 partial pressures in containers with fresh-cut tomatoes were also significantly affected by&#xd;
PL treatments (p &lt; 0.05). The highest PL fluence caused the greatest changes of O2 and CO2 contents. In addition, the&#xd;
application of PL triggered an acceleration of the O2 consumption during the cold stage. PL treatments might be used to effectively extend the safety of fresh-cut tomatoes over&#xd;
12 days of storage against E. coli and L. innocua growth.</subfield>
   </datafield>
   <datafield ind2=" " ind1=" " tag="520">
      <subfield code="a">The Spanish Ministry of Economy and&#xd;
Competitiveness (MINECO) supported this work through the project AGL 2010-21572. Authors thank the University of Lleida (Spain) and&#xd;
Banco Santander for awarding a Jade Plus grant. Special thanks to Ana Ramos-Villarroel for providing technical support.</subfield>
   </datafield>
   <datafield ind1="8" ind2=" " tag="024">
      <subfield code="a">http://hdl.handle.net/10459.1/59453</subfield>
   </datafield>
   <datafield tag="653" ind2=" " ind1=" ">
      <subfield code="a">Fresh-cut tomato</subfield>
   </datafield>
   <datafield tag="653" ind2=" " ind1=" ">
      <subfield code="a">Pulsed light treatments</subfield>
   </datafield>
   <datafield tag="653" ind2=" " ind1=" ">
      <subfield code="a">Listeria innocua</subfield>
   </datafield>
   <datafield tag="653" ind2=" " ind1=" ">
      <subfield code="a">Escherichia coli</subfield>
   </datafield>
   <datafield ind2="0" ind1="0" tag="245">
      <subfield code="a">Modeling the Inactivation of Listeria innocua and Escherichia coli in fresh-cut tomato treated with pulsed light</subfield>
   </datafield>
</record></metadata></record></GetRecord></OAI-PMH>